| 000 | 00359nam a22001457a 4500 | ||
|---|---|---|---|
| 020 | _a81-7381-268-3 | ||
| 082 |
_a900 _bCHA/H |
||
| 100 | _aCHAUDHURI, K.C | ||
| 245 | _aHISTORY OF MODERN INDIA | ||
| 250 | _aFIRST EDITION REPRINTED | ||
| 260 |
_aKOLKATA _bNEW CENTRAL BOOK AGENCY _c2006 |
||
| 300 | _a456 | ||
| 650 |
_aHISTORY FOR REFERNCE _zINDIA |
||
| 942 | _cBK | ||
| 999 |
_c1559 _d1559 |
||